Les Qualifiés en Ligue des Champions 2025/2026 - Statistiques

Statistiques générales
  • Ce quiz a été pris 316 fois
    48 depuis la dernière actualisation
  • Le résultat moyen est 29 sur 36
Statistiques - réponses
Pays Club Coach % Correct
Espagne FC Barcelone H.D. Flick
100%
Manchester City P. Guardiola
100%
Real Madrid A. Arbeloa
100%
Bayer Leverkusen K. Hjulmand
97%
Allemagne Bayern München V. Kompany
97%
Inter Milan C. Chivu
97%
Angleterre Liverpool FC A. Slot
97%
Olympique de Marseille R. De Zerbi
97%
France Paris Saint-Germain L. Enrique
97%
Atlético Madrid D. Simeone
95%
Portugal Sporting Portugal R. Borges
95%
Ajax Amsterdam J. Heitinga
92%
Arsenal FC M. Arteta
92%
AS Monaco D. Hubert
92%
Chelsea FC L. Rosenior
92%
Juventus Turin L. Spalletti
92%
Italie SSC Napoli A. Conte
92%
Borussia Dortmund N. Kovač
89%
Pays-Bas PSV Eindhoven P. Bosz
89%
SL Benfica B. Lage
89%
Tottenham Hotspurs T. Frank
87%
Turquie Galatasaray SK O. Buruk
79%
Newcastle United E. Howe
76%
Athletic Bilbao E. Valverde
74%
Atalanta Bergame R. Palladino
71%
Belgique Union Saint-Gilloise S. Pocognoli
68%
Eintracht Frankfurt D. Toppmöller
63%
Danemark FC Copenhague J. Neestrup
63%
Chypre Pafos FC J.C. Carcedo
63%
Grèce Olympiakos J.L. Mendilibar
61%
République Tchèque Slavia Prague J. Trpišovský
55%
Club Bruges N. Hayen
53%
Azerbaïdjan Qarabağ FK Q. Qurbanov
53%
Norvège FK Bodø/Glimt K. Knutsen
50%
Kazakhstan Kairat Almaty R. Urazbakhtin
39%
Villarreal CF Marcelino
26%
Aucun quiz correspondant
Distribution des résultats
% des personnes avec chaque résultat
Percentile par nombre de réponses
Votre historique - résultats
Vous n’avez pas pris ce quiz depuis la dernière actualisation